Bình đẳng tiếp cận giáo dục vì mục tiêu phát triển con người ở Việt Nam /
Sparad:
| Huvudupphovsman: | |
|---|---|
| Materialtyp: | Artikel |
| Språk: | Vietnamese |
| Ämnen: | |
| Taggar: |
Lägg till en tagg
Inga taggar, Lägg till första taggen!
|
| Thư viện lưu trữ: | Thư viện Trường Đại học Đà Lạt |
|---|
| LEADER | 00821nam a2200253 4500 | ||
|---|---|---|---|
| 001 | DLU190190458 | ||
| 005 | ##20190411 | ||
| 040 | # | # | |a DLU |b vie |
| 041 | # | # | |a vie |
| 044 | # | # | |a vn |
| 100 | # | # | |a Đào Thị Minh Hương. |
| 245 | # | # | |a Bình đẳng tiếp cận giáo dục vì mục tiêu phát triển con người ở Việt Nam / |c Đào Thị Minh Hương. |
| 653 | # | # | |a Bình đẳng cơ hội |
| 653 | # | # | |a Bình đẳng tiếp cận giáo dục |
| 653 | # | # | |a Công bằng |
| 773 | # | # | |t Nghiên cứu con người |g Số 2(89), 2017, tr. 3-14 |
| 920 | # | # | |a Phòng Tạp chí -- Trung tâm Thông tin - Thư viện Trường Đại học Đà Lạt |
| 900 | # | # | |a True |
| 911 | # | # | |a Nguyễn Thị Thu Phương |
| 925 | # | # | |a G |
| 926 | # | # | |a A |
| 927 | # | # | |a BB |
| 980 | # | # | |a Thư viện Trường Đại học Đà Lạt |